[Event "Stjernen klubbmesterskap"]
[Site "Stjernen"]
[Date "2017.02.07"]
[Round "1"]
[White "Nilsen, Joachim B."]
[Black "Wasshaug, Espen"]
[Result "1-0"]
[WhiteElo "2431"]
[BlackElo "1883"]
[PlyCount "95"]
[EventDate "2017.??.??"]

1. c4 e6 2. g3 Nf6 3. Nf3 d5 4. b3 c5 5. Bg2 Nc6 6. O-O Be7 7. e3 O-O 8. Bb2 d4
9. exd4 cxd4 10. Re1 Bc5 11. a3 a5 12. Ne5 Nxe5 13. Rxe5 Qc7 14. Re1 e5 15. d3
Bf5 16. Qc2 Rae8 17. Nd2 Qd7 18. Rab1 Bh3 19. Bh1 Ng4 20. Ne4 Qe7 21. Nxc5 Qxc5
22. Bxb7 f5 23. b4 axb4 24. Bd5+ Kh8 25. axb4 Qxb4 26. Ra1 Qb6 27. Ba3 Rf6 28.
Qb2 Qd8 29. Bc5 f4 30. Ra8 Qxa8 31. Bxa8 fxg3 32. hxg3 Rxa8 33. Qb7 Rfa6 34.
Bxd4 Ra2 35. Bxe5 Nxe5 36. Rxe5 Bg4 37. Qe4 h5 38. Re8+ Rxe8 39. Qxe8+ Kh7 40.
Qe4+ g6 41. d4 Rb2 42. d5 Re2 43. Qd3 Re1+ 44. Kg2 Be2 45. Qd2 Bf1+ 46. Kh2 Re2
47. Qd4 Rc2 48. d6
1-0

[Event "Stjernen klubbmesterskap"]
[Site "Stjernen"]
[Date "2017.02.07"]
[Round "1"]
[White "Gressli, Kristoffer"]
[Black "Egeland, Finn"]
[Result "1-0"]
[WhiteElo "1739"]
[BlackElo "1962"]
[Annotator "Gressli,Kristoffer"]
[PlyCount "115"]
[EventDate "2017.??.??"]

1. d4 Nf6 2. Bf4 e6 3. Nf3 c5 4. e3 Nc6 5. c3 d5 6. Bd3 Bd6 7. Bg3 b6 ({
Relevant:} 7... O-O 8. Nbd2 b6 9. Qe2 Bb7 10. dxc5 bxc5 11. e4 Be7 12. O-O Nh5
13. Rfe1 Nxg3 14. hxg3 Rb8 15. Rab1 g6 16. Red1 Bf6 17. Nf1 Bg7 18. Ne3 Ne7 19.
exd5 exd5 20. Bc4 d4 21. cxd4 cxd4 22. Nc2 Nf5 23. Bd3 Re8 24. Qf1 Qf6 25. Bxf5
Qxf5 26. Ncxd4 Qh5 27. Nb5 Bxf3 28. gxf3 Qxb5 {1/2-1/2 (28) Boe,M (2321)
-Huzman,A (2557) Tallinn 2016}) 8. Qa4 Bd7 $146 ({Predecessor:} 8... Bxg3 9.
hxg3 Bd7 10. Qd1 cxd4 11. exd4 Ng4 12. Na3 Qe7 13. Qd2 h6 14. O-O-O a6 15. Rh4
h5 16. Rdh1 Nf6 17. Ne5 b5 18. Nc2 Na5 19. g4 Nc4 20. Qf4 a5 21. g5 Ne4 22.
Bxe4 dxe4 23. Rxh5 Rf8 24. Qxe4 Rc8 25. Nxd7 Qxd7 26. Re1 g6 27. Rh7 Nb6 28. a3
Qe7 29. Qe5 Nd5 30. Kd2 b4 31. axb4 axb4 32. Qxd5 bxc3+ 33. bxc3 exd5 34. Rxe7+
Kxe7 35. Nb4 Ke6 36. Nd3 Ra8 37. g4 Ra2+ 38. Ke3 {Richters,A (1919)-Boesel,A
(1927) Germany 2012 0-1}) 9. Bxd6 Nxd4 10. Qd1 Nc6 11. Bg3 Qe7 12. Ne5 O-O 13.
Nxd7 Nxd7 14. Bb5 Rac8 15. Nd2 e5 16. O-O f5 17. f4 e4 18. Qa4 Ndb8 19. Rfe1
Na5 20. b4 Nac6 21. Bxc6 Nxc6 22. b5 Na5 23. Qd1 c4 24. Nf1 Qc5 25. a4 Nb3 26.
Ra2 Rfd8 27. Qh5 Qf8 28. Bf2 Nc5 29. Ng3 g6 30. Qg5 Rd7 31. Ne2 Ra8 32. Nd4 a6
33. Rea1 Nb3 34. Rb1 axb5 35. Nxb5 Ra6 36. Nd4 Nc5 37. h4 (37. g4 Rg7) 37...
Rg7 38. Be1 Qe8 39. Rab2 Nxa4 40. Rb5 Ra5 41. h5 Kh8 42. h6 Rf7 43. Rxa5 bxa5
44. Rb5 Kg8 45. Rxd5 Rd7 46. Qf6 Nb6 47. Rxd7 Qxd7 48. Qxb6 (48. Ne6 Nd5 49.
Qf8#) 48... a4 49. Qb4 Qa7 50. Qxc4+ Kf8 51. Qc8+ Kf7 52. Qe6+ Kf8 53. Qf6+ Kg8
54. Qg7+ Qxg7 55. hxg7 Kxg7 56. c4 Kf7 57. Bb4 Ke8 58. Nb5
1-0

[Event "Stjernen klubbmesterskap"]
[Site "Stjernen"]
[Date "2017.02.07"]
[Round "1"]
[White "Hagos, Daniel"]
[Black "Andreassen, Vidar"]
[Result "0-1"]
[WhiteElo "1890"]
[BlackElo "1696"]
[PlyCount "128"]
[EventDate "2017.??.??"]

1. e4 e5 2. Nf3 Nc6 3. Bb5 a6 4. Ba4 d6 5. d4 Bd7 6. c3 b5 7. Bb3 Be7 8. O-O
Nf6 9. Re1 O-O 10. Nbd2 Na5 ( {Relevant:} 10... a5 11. d5 Nb8 12. a4 c6 13.
dxc6 Bxc6 14. axb5 Bxb5 15. Nh4 Nbd7 16. Nf5 Nc5 17. Bc2 g6 18. Nxe7+ Qxe7 19.
Nb3 Qc7 20. Bg5 Kg7 21. Qd2 Ng8 22. Red1 Ne6 23. Be3 Rfd8 24. c4 Bxc4 25. Nxa5
Bb5 26. b4 Nf6 27. Rac1 Qd7 28. Bh6+ Kg8 29. Bg5 Nxg5 30. Qxg5 Kg7 31. Qe3 Rac8
32. h3 Ba4 33. Bxa4 Qxa4 34. Qe1 Rxc1 35. Rxc1 Rb8 36. Rc4 Qa2 37. Qd1 Rb5 38.
f3 d5 39. Rc2 Qa3 40. exd5 {Navara,D (2719)-Miton,K (2638) Ustron 2006 1/2-1/2}
) 11. Bc2 exd4 12. cxd4 Bg4 13. b3 c5 14. Bb2 Rc8 15. Nf1 cxd4 16. Rc1 Nc6 17.
h3 Bh5 18. Ng3 Bg6 19. Nxd4 Re8 20. Ndf5 Bf8 21. Nh4 Nb4 22. Bb1 Be7 23. Nxg6
hxg6 24. h4 Rxc1 25. Bxc1 Nc6 26. h5 gxh5 27. Nxh5 g6 28. Nf4 Ne5 29. Bb2 Qb6
30. Bd4 Qb7 31. Re3 Bf8 32. Rg3 Nxe4 33. Re3 Nf6 34. Rh3 Bg7 35. Be3 Qd7 36. f3
d5 37. g4 Nc6 38. Kf2 d4 39. Bd2 Ne5 40. Nd3 Nexg4+ (40... Nxf3 {enda
sterkere!} 41. Rxf3 Ne4+ 42. Kf1 Qxg4 43. Nf2 Nxf2 44. Kxf2 d3 {åpner for
sortfeltsløperen, tårnet er bundet og hvit kan nærmest gi opp} ) 41. fxg4 Nxg4+
42. Kg3 Ne3 43. Qf3 Nf5+ 44. Kg2 Qe7 45. Nf4 Nh4+ 46. Rxh4 Qxh4 47. Qc6 Qg4+
48. Kf2 Qc8 49. Qd5 Rd8 50. Qe4 Qd7 51. Ba5 Re8 52. Qg2 Qd6 53. Bd2 Qf6 54. Kg1
Qe5 55. Bd3 b4 56. Nd5 a5 57. Bc4 Rd8 58. Bf4 Qe1+ 59. Qf1 Qe4 60. Qg2 Qxg2+
61. Kxg2 d3 62. Kf3 Bc3 63. Bc7 d2 64. Ke2 Re8+
0-1

[Event "Stjernen klubbmesterskap"]
[Site "Stjernen"]
[Date "2017.02.07"]
[Round "1"]
[White "Ryen, Thomas Ager"]
[Black "Andersen, Guttorm"]
[Result "1/2-1/2"]
[WhiteElo "1647"]
[BlackElo "1859"]
[PlyCount "95"]
[EventDate "2017.??.??"]

1. e4 e5 2. Nf3 Nf6 3. Nc3 Bb4 4. Bc4 O-O 5. d3 d6 6. Bg5 Bg4 ({Relevant:} 6...
Be6 7. O-O Bxc4 8. dxc4 Bxc3 9. bxc3 h6 10. Bxf6 Qxf6 11. Qd3 Nd7 12. Nd2 Nc5
13. Qe3 Qf4 14. Nb3 Qxe3 15. fxe3 Nxe4 16. c5 dxc5 17. c4 b6 18. Rfd1 Rad8 19.
Rd3 Rd6 20. Rad1 Rfd8 21. Kf1 Nc3 22. Rxd6 Rxd6 {0-1 (22) Schoeneberg,M (2321)
-Zarnicki,P (2513) playchess.com INT 2004}) 7. Qd2 $146 ({Predecessor (6):} 7.
O-O c6 8. h3 Be6 9. Bxe6 fxe6 10. d4 exd4 11. Qxd4 Bc5 12. Qc4 Qd7 13. Bxf6
Rxf6 14. e5 b5 15. Qe2 Rg6 16. Ne4 Qe7 17. exd6 Bxd6 18. Nxd6 Qxd6 19. Rad1 Qe7
20. Ne5 Rh6 21. Qf3 Rf6 22. Qe4 a6 23. Nxc6 Nxc6 24. Qxc6 Ra7 25. Qd6 Kf7 26.
Rfe1 Rc7 27. c3 a5 28. Re3 Rc5 29. Qd3 Rcf5 30. Rd2 h5 31. Rde2 Rd5 32. Qxd5 {
1-0 (32) Saidul,I (1949)-Faizul,A (1840) Dhaka 2016}) 7... Nbd7 8. h3 Be6 9.
Bxe6 fxe6 10. O-O d5 11. exd5 exd5 12. Qe2 Bxc3 13. bxc3 Qe7 14. Rfe1 Rae8 15.
Qd2 Qd6 16. Bh4 Nh5 17. Qg5 Nf4 18. Qg4 Re6 19. Bg3 Rg6 20. Qh4 Rh6 21. Qg4 Nf6
22. Qf5 Rh5 23. Ng5 Nd7 24. Qg4 g6 25. Bxf4 Rxf4 26. Qe6+ Qxe6 27. Nxe6 Rf6 28.
Nxc7 Nb6 29. Nb5 a6 30. Na3 Rc6 31. Rab1 Kf7 32. c4 dxc4 33. Nxc4 Nxc4 34.
Rxb7+ Kf6 35. dxc4 Rh4 36. c5 Rc4 37. Rb6 R4xc5 38. Rxc6+ Rxc6 39. Rc1 e4 40.
Kf1 Ke5 41. c3 Rc4 42. Ke2 Ra4 43. Rc2 Ra5 44. Ke3 Rd5 45. f4+ exf3 46. Kxf3
Rd3+ 47. Kf2 Kd5 48. Ke2
1/2-1/2

[Event "Stjernen klubbmesterskap"]
[Site "Stjernen"]
[Date "2017.02.07"]
[Round "1"]
[White "Aavik, Jakob"]
[Black "Grindbakken, Erik"]
[Result "1-0"]
[WhiteElo "1810"]
[BlackElo "1635"]
[Annotator "Gressli,Kristoffer"]
[PlyCount "65"]
[EventDate "2017.??.??"]

1. e4 c6 2. d4 d5 3. e5 c5 4. dxc5 Nc6 5. Bb5 e6 6. Be3 Bd7 7. Bxc6 Bxc6 8. Nf3
Ne7 9. O-O ({Relevant:} 9. c3 Nf5 10. Bd4 Nxd4 11. Qxd4 Qc7 12. b4 b6 13. cxb6
axb6 14. O-O Bb5 15. Re1 Be7 16. Qe3 O-O 17. Nd4 Bd7 18. f4 Kh8 19. a3 Rfc8 20.
Ra2 f6 21. exf6 Bxf6 22. Rf2 b5 23. Nb3 e5 24. fxe5 Re8 25. Qc5 Bxe5 26. Qxc7
Bxc7 27. Rxe8+ Rxe8 28. N1d2 Bb6 29. Nc5 Bxc5 30. bxc5 Kg8 31. Nb3 Ra8 32. Ra2
Ra4 33. Kf2 Kf8 34. Ke3 Ke7 35. Ra1 Kd8 36. Kd2 h6 37. Nd4 Rc4 38. Rf1 Ke7 {
Kurnosov,I (2674)-Maslak,K (2560) Rijeka 2010 1-0 (73)}) 9... Nf5 10. Bd4 Nxd4
11. Qxd4 Qc7 12. b4 a5 $146 ({Predecessor:} 12... b6 13. cxb6 axb6 14. Nbd2 Be7
15. a3 O-O 16. Rfe1 Rfe8 17. Re3 Ba4 18. c3 g6 19. Qf4 Bb5 20. Ng5 Bxg5 21.
Qxg5 d4 22. Rh3 h5 23. Ne4 dxc3 24. Rxh5 Qc4 25. Rh8+ {1-0 (25) Yee,J (1768)
-De Mooi,C (1720) West Bromwich 2004}) 13. c3 Be7 14. Nbd2 axb4 15. cxb4 Ra4
16. Rfe1 O-O 17. Qb2 b6 18. b5 bxc5 (18... Be8 19. Qb3 Ra5 20. c6) 19. bxc6 Rb8
20. Qc2 Qxc6 21. Reb1 Rba8 22. Rb2 c4 23. Rab1 Bf8 24. Nd4 Qc8 (24... Qa6) 25.
N2f3 c3 26. Rb3 Rxa2 27. Qxc3 Qe8 28. Qc6 Qe7 29. Rb7 Ra1 30. h3 Rxb1+ 31. Rxb1
Qa3 32. Rb7 Re8 33. Qxe8
1-0

[Event "Stjernen klubbmesterskap"]
[Site "Stjernen"]
[Date "2017.02.07"]
[Round "1"]
[White "Eriksen, Jan Hugo"]
[Black "Kutrovac, Milan"]
[Result "0-1"]
[WhiteElo "1680"]
[BlackElo "1656"]
[PlyCount "126"]
[EventDate "2017.??.??"]

1. d4 Nf6 2. Nf3 d5 3. c4 c6 4. Nc3 Bf5 5. e3 e6 6. Bd3 Bg6 7. O-O Be7 ({
Relevant:} 7... Nbd7 8. Qe2 Bb4 9. Bd2 dxc4 10. Bxg6 hxg6 11. Qxc4 Qa5 12. h3
Bxc3 13. Bxc3 Qf5 14. Nd2 O-O 15. f3 e5 16. e4 Qh5 17. Qe2 exd4 18. Bxd4 Rfe8
19. Qf2 c5 20. Bc3 Nb6 21. Rac1 Rad8 22. Rfd1 Na4 23. Bxf6 gxf6 24. Nc4 Rxd1+
25. Rxd1 b5 26. Ne3 Nb6 27. Ng4 Kg7 28. Rd6 Re6 29. Rxe6 fxe6 30. Qd2 f5 31.
exf5 Qxf5 32. Qc3+ Kh7 33. Nf6+ Kg7 34. Ne4+ Kh7 35. Qxc5 Qxc5+ 36. Nxc5 e5 37.
b3 {Anton Guijarro,D (2650)-Bartel,M (2641) Tallinn 2016 1/2-1/2 (64)}) 8. b3
O-O 9. Bb2 Nbd7 10. Qc2 Rc8 11. c5 $146 ({Predecessor (2):} 11. Bxg6 hxg6 12.
c5 Qc7 13. Rad1 Rfe8 14. h3 Bf8 15. Ne2 Ne4 16. b4 g5 17. Nc3 Ndf6 18. Ne5 Nxc3
19. Bxc3 Ne4 20. f3 Nxc3 21. Qxc3 f6 22. Ng4 e5 23. dxe5 f5 24. Nf2 Qxe5 25.
Qc2 g6 26. e4 Rcd8 27. exf5 gxf5 28. Nd3 Qd4+ 29. Kh1 Re3 30. Nf2 Qf6 31. Qd2
Qc3 32. Nd3 Qxd2 33. Rxd2 Bg7 34. Rfd1 Rde8 35. Kg1 Bc3 36. Rc2 Bf6 37. Kf1 Kf7
38. Rcd2 Bd8 39. Re1 Rxe1+ 40. Nxe1 Bf6 {Berend,E (2370)-Abel,D (2441) Berlin
2015 0-1 (62)}) 11... a5 12. a3 b6 13. b4 Re8 14. Rac1 Bf8 15. Ne2 Ne4 16. Ne5
Nxe5 17. dxe5 bxc5 18. f3 c4 19. Bxe4 dxe4 20. fxe4 Qd3 21. Ng3 axb4 22. axb4
Bxb4 23. Qxc4 Qxe3+ 24. Kh1 c5 25. Rf3 Qd2 26. Rc2 Qd1+ 27. Rf1 Qd7 28. h3 Rcd8
29. Bc3 Rb8 30. Rd2 Qb5 31. Qxb5 Rxb5 32. Rb2 Reb8 33. Rfb1 h5 34. Bxb4 h4 35.
Bc3 Rxb2 36. Rxb2 Rxb2 37. Bxb2 hxg3 38. Kg1 Bxe4 39. Bc1 c4 40. h4 g6 41. Kf1
Kf8 42. Bf4 c3 43. Ke2 Ke7 44. Bxg3 Kd7 45. Be1 c2 46. Kd2 Kc6 47. Kc1 Kd5 48.
Bc3 Kc4 49. Bd2 Kd3 50. g3 Ke2 51. Bf4 Kf3 52. Kd2 Kg4 53. Kc1 Kf5 54. Bg5 Kxe5
55. Kb2 Kf5 56. Bd2 f6 57. Be1 e5 58. Kc1 Kg4 59. Bf2 Kf3 60. Be1 f5 61. Kd2 f4
62. gxf4 exf4 63. Kc1 Ke2
0-1

[Event "Stjernen klubbmesterskap"]
[Site "Stjernen"]
[Date "2017.02.07"]
[Round "1"]
[White "Horni, Fredrik Seim"]
[Black "Johansen, Aleksander"]
[Result "1-0"]
[WhiteElo "1739"]
[BlackElo "1555"]
[PlyCount "103"]
[EventDate "2017.??.??"]

1. Nc3 Nf6 2. e4 e5 3. Bc4 d6 4. Nf3 Be7 5. d4 exd4 6. Nxd4 O-O 7. O-O a6 8. a4
a5 ({Relevant:} 8... Nc6 9. Re1 Nb4 10. h3 c5 11. Nf3 Be6 12. Nd5 Nfxd5 13.
exd5 Bf5 14. Re2 Bf6 15. a5 Re8 16. c3 Rxe2 17. Bxe2 Nc2 18. Ra4 Qd7 19. Rf4
Bg6 20. Rxf6 gxf6 21. Nh4 Qa4 22. Nxg6 fxg6 23. Bd3 Re8 24. Bxc2 Qxa5 25. Bf4
Qb6 26. Qg4 Qxb2 27. Bxg6 Re1+ 28. Kh2 Qxf2 29. Be4+ {1-0 (29) Akopian,V (2700)
-Sitnikov,A (2450) Moscow 2008}) 9. Re1 $146 ({Predecessor:} 9. Qf3 Nbd7 10.
Bf4 Ne5 11. Bxe5 dxe5 12. Nf5 Bb4 13. Rad1 Qe8 14. Nd5 Nxd5 15. Rxd5 Be6 16.
Rxe5 Bd6 17. Nxd6 cxd6 18. Bb5 Qc8 19. Rg5 f6 20. Rg3 Qxc2 21. e5 fxe5 22. Qxb7
Bf7 23. Bd3 Qxa4 24. Qe7 Qf4 25. Rf3 Qd4 26. Bxh7+ Kxh7 27. Rxf7 Rxf7 28. Qxf7
Qxb2 29. Qf5+ Kh8 30. Qh3+ Kg8 31. Qe6+ Kh7 32. Qf5+ Kh8 {1/2-1/2 (32) Somorai,
Z (2081)-Kiss,S (2039) Hungary 2014}) 9... Re8 10. h3 h6 11. Qf3 Bf8 12. Nd5
Nbd7 13. Bf4 Nxd5 14. Bxd5 Qf6 15. Nb5 Ne5 16. Bxe5 Qxf3 17. gxf3 Rxe5 18. Nxc7
Rb8 19. Re3 Bxh3 20. Nb5 Rg5+ 21. Kh2 Be6 22. Nc7 Bd7 23. f4 Rh5+ 24. Kg2 Rc8
25. Rc3 Bc6 26. Nb5 Re8 27. Rd1 Bxd5 28. Rxd5 Rxd5 29. exd5 Re4 30. Rc8 Rxa4
31. Nxd6 Rxf4 32. Nxb7 Rb4 33. Nxa5 Rxb2 34. d6 Rxc2 35. d7 Rd2 36. d8=Q Rxd8
37. Rxd8 g5 38. Nc6 Kg7 39. Nd4 Bc5 40. Ne2 Kg6 41. Rc8 Bb4 42. Ng3 f6 43. Rc6
Ba3 44. Kh3 Bb2 45. Kg4 h5+ 46. Nxh5 Bd4 47. f3 Be5 48. Ng3 Bb8 49. Nf5 Be5 50.
Rb6 Bc3 51. Rb7 Bd4 52. Rg7#
1-0

[Event "Stjernen klubbmesterskap"]
[Site "Stjernen"]
[Date "2017.02.14"]
[Round "2"]
[White "Andersen, Guttorm"]
[Black "Egeland, Finn"]
[Result "0-1"]
[WhiteElo "1859"]
[BlackElo "1962"]
[Annotator "Stjernen,SK"]
[PlyCount "78"]
[EventDate "2017.??.??"]

1. d4 Nf6 2. c4 e6 3. Nc3 Bb4 4. e3 O-O 5. Bd3 c5 6. Nge2 d5 7. O-O Nc6 8. a3
Bxc3 9. bxc3 Qc7 10. Qc2 Ne7 11. f3 Bd7 12. Ng3 dxc4 13. Be2 b5 14. Bd2 e5 15.
dxe5 Qxe5 16. f4 Qc7 17. h3 Rad8 18. e4 Bc6 19. Rad1 Rd7 20. Be3 Rxd1 21. Rxd1
Bb7 22. Bf3 a5 23. Qf2 Rd8 24. Rxd8+ Qxd8 25. Bxc5 (25. e5 $1) 25... Ng6 26. e5
Nd5 27. Ne2 Qc8 28. Qd4 Qc6 29. g3 (29. f5 $1 Nxe5 30. Qxe5 Qxc5+ 31. Kh2 h6
32. Qb8+ Bc8 33. Bxd5) 29... h6 30. f5 Nxe5 31. Be4 Nd3 32. Bxd5 Qxd5 33. Qxd5
Bxd5 34. Nd4 Nxc5 35. Nxb5 Kf8 36. g4 Ke7 37. Kf2 Kf6 38. Kg3 Ke5 39. Nc7 Bc6
0-1

[Event "Stjernen klubbmesterskap"]
[Site "Stjernen"]
[Date "2017.02.14"]
[Round "2"]
[White "Johansen, Aleksander"]
[Black "Hagos, Daniel"]
[Result "0-1"]
[WhiteElo "1555"]
[BlackElo "1890"]
[PlyCount "106"]
[EventDate "2017.??.??"]

1. d4 Nf6 2. Bf4 e6 3. e3 b6 4. Nf3 Be7 5. Be2 Bb7 6. h3 c5 7. c3 d5 8. Nbd2
Nbd7 9. O-O O-O 10. Re1 Re8 11. a4 a6 12. Qc2 Rc8 13. Ne5 Nxe5 14. dxe5 Nd7 15.
Nf3 Nf8 16. Qd2 Qc7 17. Rac1 Red8 18. Bd3 c4 19. Bb1 Ng6 20. Bg3 Qd7 21. Qc2
Bc6 22. a5 bxa5 23. Nd4 Ba4 24. Qd2 Rb8 25. f4 Rb7 26. Qf2 f5 27. exf6 Bxf6 28.
f5 exf5 29. Nxf5 Ne5 30. Nh6+ Kh8 31. Bxe5 Bxe5 32. Ng4 Bc7 33. Rf1 Qe7 34. Qf5
g6 35. Qf6+ Qxf6 36. Rxf6 Rxb2 37. Rcf1 Rdb8 38. e4 Rxb1 39. exd5 Rxf1+ 40.
Rxf1 Bc2 41. Nh6 Rb1 42. Rxb1 Bxb1 43. d6 Bb6+ 44. Kf1 a4 45. d7 Kg7 46. Ng4 a3
47. Ne3 a2 48. Nxc4 Bd3+ 49. Ke1 a1=Q+ 50. Kd2 Bxc4 51. g4 Qb2+ 52. Kd1 Be3 53.
d8=Q Qb1#
0-1

[Event "Stjernen klubbmesterskap"]
[Site "Stjernen"]
[Date "2017.02.14"]
[Round "2"]
[White "Wasshaug, Espen"]
[Black "Gressli, Kristoffer"]
[Result "1-0"]
[WhiteElo "1883"]
[BlackElo "1739"]
[PlyCount "83"]
[EventDate "2017.??.??"]

1. d4 e6 2. c4 f5 3. Nc3 Nf6 4. Nf3 Be7 5. g3 d6 6. Bg2 O-O 7. O-O Qe8 8. Qb3
c6 9. d5 e5 10. c5 Kh8 11. dxc6 Nxc6 12. Nb5 Na5 13. Qb4 dxc5 14. Qxa5 Bd8 15.
Qc3 Qxb5 16. Nxe5 Be6 17. Nd3 Rc8 18. a4 Qb6 19. Be3 Be7 20. b4 Ne4 21. bxc5
Bxc5 22. Bxc5 Nxc3 23. Bxb6 Nxe2+ 24. Kh1 axb6 25. Rab1 Rcd8 26. Rxb6 Bd5 27.
Bxd5 Rxd5 28. Nb4 Ra5 29. Re1 Re8 30. Rxb7 Rae5 31. Ra1 f4 32. Nd3 Rd5 33. Nxf4
Nxf4 34. gxf4 h6 35. a5 Red8 36. a6 Rd1+ 37. Rxd1 Rxd1+ 38. Kg2 Ra1 39. a7 Kh7
40. f5 h5 41. f6 h4 42. f7
1-0

[Event "Stjernen klubbmesterskap"]
[Site "Stjernen"]
[Date "2017.02.14"]
[Round "2"]
[White "Andreassen, Vidar"]
[Black "Aavik, Jakob"]
[Result "1/2-1/2"]
[WhiteElo "1696"]
[BlackElo "1810"]
[Annotator "Stjernen,SK"]
[PlyCount "93"]
[EventDate "2017.??.??"]

1. c4 Nf6 2. g3 e6 3. Bg2 d5 4. cxd5 exd5 5. d4 Bd6 6. Nc3 c6 7. Nf3 O-O 8. O-O
h6 9. a3 a5 10. Re1 Re8 11. Qc2 Nbd7 12. b3 Ne4 13. Bb2 Ndf6 14. Nd2 Bf5 15.
Ndxe4 Nxe4 16. Nxe4 Bxe4 17. Bxe4 Rxe4 18. f3 Re6 19. e4 dxe4 20. Rxe4 Rxe4 21.
fxe4 Qg5 22. Qf2 Rd8 23. Bc3 Bxa3 24. Bd2 Qe7 25. Bxa5 Re8 (25... Rxd4 $1 26.
Qxd4 Bc5) 26. e5 Bb4 27. Bb6 c5 28. Bxc5 Bxc5 29. dxc5 Qxe5 30. Rf1 f6 31. b4
Qe4 32. Qf4 Qd3 33. Rf2 Re1+ 34. Kg2 Qb5 35. Rd2 Qc6+ 36. Kf2 Re5 37. Qc4+ Kh7
38. Qc2+ g6 39. Rd6 Qh1 40. Rd7+ Kh8 41. Rd8+ Kg7 42. Rd7+ (42. Rg8+ $1 Kxg8
43. Qxg6+ Kf8 44. Qxf6+ Kg8 45. Qxe5) 42... Kf8 43. Qd2 Qxh2+ 44. Kf3 Qh1+ 45.
Kf2 Qh2+ 46. Kf3 Qh1+ 47. Kf2
1/2-1/2

[Event "Stjernen klubbmesterskap"]
[Site "Stjernen"]
[Date "2017.02.14"]
[Round "2"]
[White "Kutrovac, Milan"]
[Black "Horni, Fredrik Seim"]
[Result "1-0"]
[WhiteElo "1656"]
[BlackElo "1739"]
[PlyCount "113"]
[EventDate "2017.??.??"]

1. d4 e6 2. c4 f5 3. Nf3 Nf6 4. g3 d5 5. Bg2 c6 6. O-O Bd6 7. b3 Qe7 8. Bb2 O-O
9. Nbd2 Bd7 10. Ne5 Be8 11. e3 Nbd7 12. Ndf3 Bh5 13. Qc2 Rad8 14. a3 Ne4 15.
Nd2 Nxd2 16. Qxd2 Bxe5 17. dxe5 dxc4 18. Qc3 cxb3 19. a4 Rfe8 20. Ba3 Qf7 21.
Bd6 Nf6 22. Qxb3 Ne4 23. Qb4 Nxd6 24. exd6 e5 25. Rfb1 Rd7 26. Bf1 Bf3 27. Bg2
Bxg2 28. Kxg2 Qd5+ 29. Kg1 a5 30. Qa3 c5 31. Rd1 Qc6 32. Rac1 b6 33. Rb1 c4 34.
Rb5 Re6 35. Rbd5 c3 36. Qb3 Kf8 37. Rc5 Qxc5 38. Qxe6 c2 39. Rc1 Rxd6 40. Qxf5+
Rf6 41. Qxc2 Qxc2 42. Rxc2 Rf7 43. Kg2 Rb7 44. Kf3 Ke7 45. Ke4 b5 46. axb5 Rxb5
47. Rc6 Kd7 48. Ra6 Kc8 49. Re6 Rb7 50. Rxe5 Ra7 51. Rc5+ Kd7 52. Rc3 a4 53.
Ra3 Ra5 54. Kd4 Kc6 55. Kc4 Rc5+ 56. Kb4 Rc2 57. Rc3+
1-0

[Event "Stjernen klubbmesterskap"]
[Site "Stjernen"]
[Date "2017.02.21"]
[Round "2"]
[White "Fjellheim, Benjamin"]
[Black "Ryen, Thomas Ager"]
[Result "0-1"]
[WhiteElo "1714"]
[BlackElo "1647"]
[PlyCount "106"]
[EventDate "2017.??.??"]

1. d4 d5 2. Bf4 c6 3. Nf3 e6 4. e3 f5 5. c4 Nf6 6. h3 Bb4+ 7. Nc3 Ne4 8. Qb3
Bxc3+ 9. bxc3 O-O 10. Bd3 Nd7 11. cxd5 exd5 12. O-O Ndf6 13. Rfc1 h6 14. c4
dxc4 15. Bxc4+ Kh7 16. Rd1 g5 17. Bh2 g4 18. Ne5 gxh3 19. gxh3 Nh5 20. Nf3 Qe8
21. Qb2 b5 22. Bb3 a5 23. a3 f4 24. Ne5 Bxh3 25. Qc2 Bf5 26. Qxc6 Qxc6 27. Nxc6
Bh3 28. Bd5 Nc3 29. Bb3 Nxd1 30. Rxd1 Rg8+ 31. Bxg8+ Rxg8+ 32. Bg3 fxg3 33. d5
gxf2+ 34. Kxf2 Rf8+ 35. Kg1 Nf6 36. Nxa5 Ra8 37. Nb7 Rxa3 38. Kf2 Ng4+ 39. Kg3
Rxe3+ 40. Kf4 Re8 41. Kg3 Re3+ 42. Kf4 Ra3 43. d6 Nf6 44. Nc5 Nd7 45. Nxd7 Bxd7
46. Re1 Bh3 47. Re7+ Kg6 48. Ke4 b4 49. d7 Bf5+ 50. Ke5 Re3+ 51. Kd6 Rd3+ 52.
Kc6 Rxd7 53. Re1 Rd3
0-1

[Event "Stjernen klubbmesterskap"]
[Site "Stjernen"]
[Date "2017.02.14"]
[Round "2"]
[White "Grindbakken, Erik"]
[Black "Eriksen, Jan Hugo"]
[Result "1/2-1/2"]
[WhiteElo "1635"]
[BlackElo "1680"]
[PlyCount "137"]
[EventDate "2017.??.??"]

1. e4 e5 2. Nf3 Nc6 3. c3 Nf6 4. d4 d6 5. Bd3 Be7 6. d5 Nb8 7. h3 Nbd7 8. Be3
O-O 9. O-O Re8 10. c4 Nf8 11. Nc3 Ng6 12. Qd2 Bd7 13. b4 Qc8 14. Kh2 Nh5 15.
Ne2 Rf8 16. Rg1 f5 17. exf5 Bxf5 18. Bxf5 Rxf5 19. Ne1 Rf7 20. Nd3 Bf6 21. Rac1
e4 22. Nb2 Be5+ 23. g3 Nh4 24. Nd4 Bxd4 25. gxh4 Be5+ 26. Kg2 Nf4+ 27. Kf1
Qxh3+ 28. Ke1 Raf8 29. Kd1 Bxb2 30. Qxb2 Nd3 31. Qa1 Nxc1 32. Kxc1 Qxh4 33. Kc2
Re8 34. a4 b6 35. Kb3 Qh5 36. b5 Qe2 37. Qc3 Qd3 38. Kb4 Qxc3+ 39. Kxc3 Rf3 40.
Kb4 Rh3 41. a5 Kf7 42. Bd4 g6 43. Be3 Re5 44. axb6 axb6 45. Ra1 Ke7 46. Ra7 Kd8
47. Ra8+ Kd7 48. Ra7 Rxe3 49. fxe3 h5 50. Ra8 g5 51. Rh8 g4 52. Rh7+ Kc8 53.
Rh8+ Kb7 54. Rg8 Rf5 55. Kc3 Rf3 56. Kd4 Rh3 57. Kxe4 g3 58. Kd3 h4 59. Ke2
Rh2+ 60. Kf1 Rc2 61. Rg4 Rf2+ 62. Kg1 Rf3 63. Rxh4 Rxe3 64. Kg2 Rc3 65. Rg4 Kc8
66. Rg8+ Kd7 67. Rg7+ Kc8 68. Rg8+ Kb7 69. Rg4
1/2-1/2

[Event "Stjernen klubbmesterskap"]
[Site "Stjernen"]
[Date "2017.02.28"]
[Round "3"]
[White "Nilsen, Joachim B."]
[Black "Kutrovac, Milan"]
[Result "1-0"]
[WhiteElo "2431"]
[BlackElo "1656"]
[Annotator "Stjernen,SK"]
[PlyCount "109"]
[EventDate "2017.??.??"]

1. d4 Nf6 2. Bg5 e6 3. e4 Be7 4. e5 Nd5 5. Bxe7 Nxe7 6. Bd3 c5 7. dxc5 Qa5+ 8.
Nd2 Qxc5 9. Ngf3 d5 10. exd6 Qxd6 11. Nc4 Qc7 12. Nd6+ $1 Kf8 (12... Qxd6 13.
Bb5+) 13. Nc4 Nbc6 14. O-O Bd7 15. Re1 Ng6 16. g3 b5 17. Bxg6 hxg6 18. Nce5 Rd8
19. Qd2 Be8 20. Qf4 Nxe5 21. Nxe5 Kg8 (21... Qxc2 $1 22. Rac1 Qf5 23. Qb4+ Kg8
24. Qe7 Qf6) 22. Nxg6 Qxf4 23. Nxf4 g5 24. Nd3 Bc6 25. Ne5 Bd5 26. Rad1 Kg7 27.
Rd4 Rc8 28. c3 Rc7 29. a3 f6 30. Nd3 a5 31. f4 Rc4 32. fxg5 fxg5 33. Re5 Kf6
34. Re2 Rxd4 35. cxd4 Rd8 36. Rf2+ Kg7 37. Nc5 a4 38. Rc2 Rd6 39. Kf2 Rd8 40.
Ke3 Rf8 41. Rf2 Rf5 42. Nd7 Rxf2 43. Kxf2 Kg6 44. g4 Kf7 45. Ke3 Bb3 46. Kd3
Ke7 47. Ne5 Bd1 48. Kd2 Bb3 49. Kc3 Kd6 50. Nf7+ Kd5 51. Nxg5 Bd1 52. h3 e5 53.
dxe5 Kxe5 54. Nf7+ Kf6 55. Nd6
1-0

[Event "Stjernen klubbmesterskap"]
[Site "Stjernen"]
[Date "2017.02.28"]
[Round "3"]
[White "Chikwati, Elvis"]
[Black "Hagos, Daniel"]
[Result "1-0"]
[WhiteElo "1763"]
[BlackElo "1890"]
[Annotator "Stjernen,SK"]
[PlyCount "62"]
[EventDate "2017.??.??"]

1. Nf3 d5 2. c4 Nf6 3. g3 Nc6 4. cxd5 Nxd5 5. Bg2 e5 6. d3 Bb4+ 7. Bd2 Bxd2+ 8.
Nbxd2 O-O 9. O-O Be6 10. Qa4 Nb6 11. Qc2 f6 12. a3 Bd5 13. Rac1 Qd7 14. b4 Qe6
$2 15. e4 $1 Nxb4 16. axb4 Bc6 17. d4 Bb5 18. d5 Qd6 19. Rfe1 Qxb4 20. Rb1 Qa4
21. Qc5 Ba6 22. Bh3 Bd3 23. Rb3 Bc4 24. Rb4 Qa3 25. Rxc4 Nxc4 26. Qxc4 Qd6 27.
Rc1 a5 28. Qa2 b5 29. Rc6 Qxc6 30. dxc6+ Kh8 31. Be6 a4
1-0

[Event "Stjernen klubbmesterskap"]
[Site "Stjernen"]
[Date "2017.02.28"]
[Round "3"]
[White "Aavik, Jakob"]
[Black "Wasshaug, Espen"]
[Result "1-0"]
[WhiteElo "1810"]
[BlackElo "1883"]
[Annotator "Stjernen,SK"]
[PlyCount "115"]
[EventDate "2017.??.??"]

1. e4 c5 2. Nf3 d6 3. d4 cxd4 4. Nxd4 Nf6 5. Nc3 g6 6. Be3 Bg7 7. f3 O-O 8. Qd2
Nc6 9. Bc4 Bd7 10. O-O-O Rc8 11. Bb3 Nxd4 12. Bxd4 b5 13. h4 a5 14. a3 b4 15.
axb4 axb4 16. Nd5 Nxd5 17. Bxg7 Kxg7 18. exd5 Qa5 19. Qd4+ f6 20. g4 Ba4 21.
Bxa4 Qxa4 22. Rh2 Rc7 23. b3 Qxb3 24. Rd3 Qa4 25. g5 Rfc8 26. Qb2 b3 27. gxf6+
exf6 28. Qxb3 Qf4+ (28... Qa1+ 29. Qb1 Qe5 30. Rhd2 Ra8) 29. Rhd2 Rxc2+ 30.
Qxc2 Rxc2+ 31. Kxc2 Qa4+ 32. Kc3 Qxh4 33. Re2 g5 34. Re4 Qh2 35. f4 g4 36. f5
g3 $4 (36... h5) 37. Rg4+ Kf7 38. Rdxg3 Qh6 39. Kd3 Qf8 40. Kd4 h5 41. Re4 Qh6
$2 (41... Qc8 42. Rf3 (42. Rge3 Qc5+ 43. Kd3 Qxd5+) (42. Ke3 Qxf5) 42... Qc5+
43. Kd3 Qxd5+) 42. Rge3 Qf8 43. Re6 Qd8 44. Ke4 Qa5 45. Kf4 Qa4+ 46. R3e4 Qa7
47. Re2 Qa4+ 48. R6e4 Qd7 49. R2e3 Kf8 50. Rb4 Qc7 51. Rbe4 Qd7 52. Re6 Kf7 53.
Kg3 Qc7 $4 (53... Qa4) 54. Kh4 Qb8 55. Re7+ Kf8 56. Re8+ Qxe8 57. Rxe8+ Kxe8
58. Kxh5
1-0